LEADER 02938nam a2200409 a 4500
001 8140
003 BD-DhAAL
005 20251229154309.0
008 151117s1985 maua 000 0 eng d
020 |a 9780143474609 
040 |a NN  |c NN  |d NNC  |d BD-DhAAL 
082 |a 940.53/18092  
100 1 |a Frank, Anne,  |d 1929-1945.  |9 16249 
240 1 0 |a Achterhuis.  |l English 
245 1 0 |a Diary of a young girl /  |c Anne Frank. 
260 |a West Hatfield, Mass. ;  |a India :  |b Pennyroyal Press with Jewish Heritage Pub. ;  |b Book Club ;  |b Penguin Random House,  |c 2009, 2024. 
300 |a 279 pages,  |a 248 pages ;  |c 20 cm.  
541 |a Donated by Farhana Zahir, Assistant Professor, BRAC Business School, BRAC University  |e 8140, 45241 
590 |a Rare Book copy: No. 300 of 350 numbered copies signed by Joseph Goldyne, the illustrator, and Barry Moser, the designer. 
600 1 0 |a Frank, Anne,  |d 1929-1945  |v Diaries.  |9 16250 
650 0 |a Holocaust, Jewish (1939-1945)  |z Netherlands  |z Amsterdam  |v Personal narratives.  |9 16251 
650 0 |a Jews  |x Persecutions  |z Netherlands  |z Amsterdam.  |9 16252 
650 0 |a Jews  |z Netherlands  |z Amsterdam  |v Diaries.  |9 16253 
651 0 |a Amsterdam (Netherlands)  |x Ethnic relations.  |9 16254 
700 1 |a Goldyne, Joseph R.  |9 16255 
700 1 |a Moser, Barry.  |4 bkd.  |5 NNC  |9 16256 
710 2 |a Harcourt Bindery.  |e binder.  |9 16257 
710 2 |a Pennyroyal (Firm)  |4 prt.  |5 NNC.  |9 16258 
942 |2 ddc  |c BK 
999 |c 36178  |d 36178 
952 |0 0  |1 0  |2 ddc  |4 0  |6 940_530000000000000_18092_FRA  |7 0  |9 56889  |a SCL  |b SCL  |c GEN  |d 2015-11-17  |g 215.00  |l 13  |m 64  |o 940.5318092 FRA  |p 3020008140  |r 2025-10-20  |s 2025-10-13  |t 1  |w 2015-11-17  |y BK 
952 |0 0  |1 0  |2 ddc  |4 0  |6 940_530000000000000_18092_FRA  |7 0  |9 59260  |a SCL  |b SCL  |c GEN  |d 2016-07-16  |g 180.00  |l 17  |m 53  |o 940.5318092 FRA  |p 3020008612  |r 2025-04-06  |s 2025-03-09  |t 2  |w 2016-07-16  |y BK 
952 |0 0  |1 0  |2 ddc  |4 0  |6 940_530000000000000_18092_FRA  |7 0  |9 59261  |a SCL  |b SCL  |c GEN  |d 2016-07-16  |g 180.00  |l 13  |m 75  |o 940.5318092 FRA  |p 3020008614  |r 2025-05-14  |s 2025-04-29  |t 3  |w 2016-07-16  |y BK 
952 |0 0  |1 0  |2 ddc  |4 0  |6 940_530000000000000_18092_FRA  |7 0  |9 59262  |a SCL  |b SCL  |c GEN  |d 2016-07-16  |g 180.00  |l 9  |m 47  |o 940.5318092 FRA  |p 3020008613  |r 2025-07-01  |s 2025-06-25  |t 4  |w 2016-07-16  |y BK 
952 |0 0  |1 0  |2 ddc  |4 0  |6 940_530000000000000_18092_FRA  |7 0  |9 59263  |a SCL  |b SCL  |c GEN  |d 2016-07-16  |g 180.00  |l 15  |m 54  |o 940.5318092 FRA  |p 3020008611  |r 2023-12-07  |s 2023-11-17  |t 5  |w 2016-07-16  |y BK 
952 |0 0  |1 0  |2 ddc  |4 0  |6 940_530000000000000_18092_FRA  |7 0  |9 59463  |a SCL  |b SCL  |c GEN  |d 2016-07-27  |g 180.00  |l 10  |m 48  |o 940.5318092 FRA  |p 3020008615  |r 2026-04-05  |s 2026-03-03  |t 6  |w 2016-07-27  |y BK 
952 |0 0  |1 0  |2 ddc  |4 0  |6 940_531809200000000_FRA  |7 0  |9 78652  |a BRACUL  |b BRACUL  |c NEW  |d 2025-12-29  |e Donated by Farhana Zahir, Assistant Professor, BRAC Business School, BRAC University  |l 2  |m 19  |o 940.5318092 FRA  |p 3010045241  |q 2026-06-02  |r 2026-04-19  |s 2026-04-19  |t 7  |w 2016-07-27  |y BK  |x Donated copy received from Farhana Zahir, Assistant Professor, BRAC Business School, BRAC University on 19 November 2025; ₹250.00